| 000 | 00574nam a2200181Ia 4500 | ||
|---|---|---|---|
| 008 | 100920s9999 xx 000 0 und d | ||
| 082 |
_b105592 _a891.43 न 08 |
||
| 100 | _aशर्मा प्रल्हाद. | ||
| 245 | _aग्रामीण खेळ. | ||
| 260 |
_bज्योती प्रकाशन,जयपूर. _c2008 |
||
| 300 |
_a120 _bसाधी |
||
| 365 | _b175 | ||
| 520 | _aहिंदी. | ||
| 630 | _aग्रामीण खेळ. | ||
| 650 | _aहिंदी. | ||
| 730 | _aग्रामीण खेळ. | ||
| 942 | _cBOOK | ||
| 999 |
_c746023 _d746020 |
||